Adukkalayilninnu Parliamentilekku, Vol 2 / (Record no. 4713)
[ view plain ]
| 000 -LEADER | |
|---|---|
| fixed length control field | 00447cam a2200169ua 4500 |
| 041 ## - LANGUAGE CODE | |
| Language code of text/sound track or separate title | mal |
| 082 ## - DEWEY DECIMAL CLASSIFICATION NUMBER | |
| Classification number | 894.812 303 |
| Item number | BHA/AD |
| 100 ## - MAIN ENTRY--AUTHOR NAME | |
| Personal name | Bharati, Udhaya Bhanu . |
| 245 ## - TITLE STATEMENT | |
| Title | Adukkalayilninnu Parliamentilekku, Vol 2 / |
| 260 ## - PUBLICATION, DISTRIBUTION, ETC. (IMPRINT) | |
| Place of publication | Kottayam : |
| Name of publisher | National Book Stall , |
| Year of publication | 1963. |
| 300 ## - PHYSICAL DESCRIPTION | |
| Number of Pages | 191 ; . |
| 942 ## - ADDED ENTRY ELEMENTS (KOHA) | |
| Koha item type | Books |
| Withdrawn status | Lost status | Damaged status | Home library | Current library | Date acquired | Full call number | Accession Number | Koha item type |
|---|---|---|---|---|---|---|---|---|
| Withdrawn | KAUAET | Malayalam University | 07/04/2012 | 894.812 303 | 133 | Books |
